000
00312nam a22001457a 4500
003
SGT
020
_a
9780262035613
082
_a
006.31,GOO
100
_a
GOODFELLOW, IAN
245
_a
DEEP LEARNING
260
_a
LONDON
_b
THE MIT PRESS
_c
2016
300
_a
775
650
_a
COMPUTER SCIENCE
942
_2
ddc
_c
BK
999
_c
33320
_d
33320